000 00687nam a2200193 i 4500
001 78174
003 ES-MaACL
005 20230906173557.0
007 t|
008 041011s1946 sp ||||1| spa d
245 0 0 _aTratado de alergia /
_cpor K.H. Baagöe, W. Berger ; bajo la dirección de Karl Hansen ; versión española de la 2ª ed. alemana por A. Curieses del Agua.
260 _aBarcelona :
_bLabor,
_c1946 (
_fIbero-Americanos)
300 _aXIX, 737 p., 6 lám. :
_bil. ;
_c25 cm.
700 1 _aBaagöe, K. H.
_924396
700 1 _aBerger, W.
_927971
700 1 _aCurieses del Agua, Antonio.
_942220
700 1 _aHansen, Karl.
_961767
852 _aES-MaACL
_jE-1934
_bR.22866
999 _c78174
_d78174